LIBRARY & INFORMATION CENTRE, KCAET, TAVANUR

ONLINE PUBLIC ACCESS CATALOGUE (OPAC)

Question Bank on Agricultural Engineering. (First Edition) (Record no. 15602)

MARC details
000 -LEADER
fixed length control field 00416nam a22001457a 4500
003 - CONTROL NUMBER IDENTIFIER
control field OSt
008 - FIXED-LENGTH DATA ELEMENTS--GENERAL INFORMATION
fixed length control field 190517b ||||| |||| 00| 0 eng d
020 ## - INTERNATIONAL STANDARD BOOK NUMBER
ISBN 9789384337179
082 ## - DEWEY DECIMAL CLASSIFICATION NUMBER
Classification number 631.1
Item number UJJ/QU
100 ## - MAIN ENTRY--AUTHOR NAME
Personal name Ujjwal. P.S
-- Sweta Singh
-- Singh .B.R
245 ## - TITLE STATEMENT
Title Question Bank on Agricultural Engineering. (First Edition)
260 ## - PUBLICATION, DISTRIBUTION, ETC. (IMPRINT)
Place of publication Delhi
Name of publisher Narendra Publishing House
Year of publication 2014
300 ## - PHYSICAL DESCRIPTION
Number of Pages 571 p.
942 ## - ADDED ENTRY ELEMENTS (KOHA)
Koha item type Books
Holdings
Withdrawn status Lost status Damaged status Collection code Home library Current library Shelving location Date acquired Cost, normal purchase price Full call number Accession Number Koha item type
      Non-fiction KAUAET KAUAET General Stacks 17/05/2019 1695.00 631.1 UJJ/QU 25815 Books
free website counter